Regiony Historyczne znajdujące się w granicach Polski - Statystyki

Ogólne statystyki
  • Ten quiz został rozwiązany 24 razy
    19 od ostatniego zresetowania
  • Średni wynik to 17 z 101
Statystyki odpowiedzi
Kraina Historyczna Region Historyczny % Poprawnych
Kujawy Ziemia Dobrzyńska
69%
Pomorze Pomorze Gdańskie
56%
Prusy Warmia
56%
Pomorze Ziemia Chełmińska
56%
Prusy Mazury
50%
Pomorze Pomorze Zachodnie
50%
Ziemia Sieradzko-Łeczycka Ziemia Łęczycka
50%
Śląsk Dolny Śląsk
44%
Śląsk Śląsk Cieszyński
44%
Litwa Suwalszczyzna
44%
Wielkopolska Ziemia Poznańska
44%
Ziemia Łęczycko-Sieradzka Ziemia Sieradzka
44%
Śląsk Górny Śląsk
38%
Pomorze Kaszuby
38%
Pomorze Kociewie
38%
Łużyce Łużyce Górne (Milsko)
38%
Brandenburgia Nowa Marchia
38%
Orawa Orawa
38%
Spisz Spisz
38%
Wielkopolska Ziemia Kaliska
38%
Wielkopolska/Pomorze Krajna
31%
Łużyce Łużyce Dolne
31%
Pomorze Pomorze Wschodnie (Prusy Królewskie)
31%
Śląsk Śląsk Opolski
31%
Śląsk Zaolzie
31%
Ruś Czerwona (Grody Czerwińskie) Ziemia Chełmska
31%
Ruś Czerwona (Grody Czerwińskie) Ziemia Lubelska (Lubelszczyzna)
31%
Ruś Czerwona (Grody Czerwińskie) Ziemia Przemyska
31%
Małopolska Ziemia Radomska
31%
Wielkopolska Pałuki
25%
Małopolska Podhale
25%
Mazowsze Ziemia Płocka
25%
Małopolska Ziemia Sandomierska
25%
Śląsk/Małopolska Ziemia Siewierska
25%
Pomorze Żuławy Wiślane
25%
Mazowsze Ziemia Czerska
19%
Mazowsze Ziemia Rawska
19%
Ruś Czerwona (Grody Czerwińskie) Ziemia Sanocka
19%
Mazowsze Ziemia Warszawska
19%
Ziemia Łęczycko-Sieradzka/Wielkopolska Ziemia Wieluńska
19%
Ruś czarna Grodzieńszczyzna
13%
Pomorze Pomorze Przednie
13%
Pomorze Powiśle
13%
Prusy Prusy Dolne
13%
Prusy Prusy Górne
13%
Śląsk Zagłębie Dąbrowskie
13%
Podlasie Ziemia Bielska
13%
Wielkopolska Ziemia Gorzowska
13%
Mzowsze Ziemia Liwska
13%
Podlasie Ziemia Łomżyńska
13%
Małopolska Ziemia Łukowska
13%
Prusy/Pomorze Ziemia Malborska
13%
Pomorze Ziemia Michałowska
13%
Mazowsze Ziemia Sochaczewska
13%
Małopolska Żywiecczyzna
13%
Prusy Barcja
6%
Prusy Galindia
6%
Prusy Pogezania
6%
Prusy Pomezania
6%
Ruś Czerwona (Grody Czerwińskie) Ziemia Bełska
6%
Polesie Ziemia Brzeska
6%
Pomorze Ziemia Bytowska
6%
Mazowsze Ziemia Ciechanowska
6%
Ruś Czerwona (Grody Czerwińskie) Ziemia Czerwińska
6%
Pomorze Ziemia Lęborska
6%
Mazowsze Ziemia Nurska
6%
Śląsk Ziemia Nyska
6%
Mazowsze Ziemia Wiska
6%
Wielkopolska Ziemia Wschowska
6%
Wielkopolska Biskupizna
0%
Pomorze Bory Tucholskie
0%
Prusy Jaćwież
0%
Małopolska Kielecczyzna
0%
Małopolska/Śląsk Księstwo Oświęcimsko-Zatorskie
0%
Prusy/Litwa Litwa Mniejsza
0%
Prusy Nadrowia
0%
Prusy Natangia
0%
Pomorze Pomorze Tylnie
0%
Małopolska Powiśle Lubelskie
0%
Małopolska Sądecczyzna
0%
Prusy Sasinia
0%
Morawy Śląsk Opawski
0%
Małopolska Zagłębie Krakowskie
0%
Podlasie Ziemia Drohicka
0%
Mazowsze Ziemia Gostynińska
0%
Ziemia Lubuska Ziemia Kniecka
0%
Ziemia Lubuska Ziemia Kostrzyńska
0%
Pomorze Ziemia Lubawska
0%
Wielkopolska Ziemia Międzyrzecka
0%
Podlasie Ziemia Mielnicka
0%
Pomorze Ziemia Pyrzycka
0%
Mazowsze Ziemia Różańska
0%
Ziemia Lubuska Ziemia Słubicka
0%
Pomorze Ziemia Słupsko-Sławieńska
0%
Małopolska Ziemia Stężycka
0%
Ziemia Lubuska Ziemia Sulęcińska
0%
Ziemia Lubuska Ziemia Torzymska
0%
Wielkopolska Ziemia Wałecka
0%
Mazowsze Ziemia Wyszogrodzka
0%
Mazowsze Ziemia Zakroczymska
0%
Mazowsze Ziemia Zawkrzeńska (Zawkrze)
0%
Nie znaleziono quizów pasujących do podanych kryteriów
Rozkład punktacji
Procent ludzi z każdym wynikiem
Percentyl według liczby udzielonych odpowiedzi
Twoja historia wyników
Nie rozwiązałeś tego quizu od ostatniego zresetowania